1622 1453 2000 1939 1932 1893 1528 1982 1475 1573 1549 1713 1747 1693 1971 1242 1001 1201 1630 1303 1794 1806 1111 1304 1919 1644 1763 1688 1978 1123 1069 1540 1061 1073 1882 1253 1573 1996 1846 1272 1176 1231 1271 1448 1300 1197 1938 1441 1479 1690 1891 1034 1001 1149 1331 1611 1337 1446 1762 1858 1466 1431 1793 1402 1386 1632 1035 1742 1697 1884 1313 1535 1338 1258 1876 1161 1171 1745 1465 1235 1240 1129 1534 1312 1762 1258 1692 1725 1775 1129 1099 1993 1884 1235 1886 1200 1337 1401 1200 BCNSPRNW ULIB Ver.6.0+V

เปลี่ยนเป็นภาษาไทย

Change to English
 แสดงรายละเอียดบรรณานุกรม
  กลับหน้าหลัก

Brief Record : Get Marc (ISO 2709) : E-mail record : QR code < ปิดหน้าต่าง
LEADER : 00000nam 2200000uu 4500
001    13399125919
003     ULIB
008    170928s2559||||th 000 0 tha d
020    ^a9789742535971
090    ^aนว.^bว111ข
100    ^aว.วินิจฉัยกุล
245    ^aของขวัญวันวาน /^cว.วินิจฉัยกุล
260    ^aกรุงเทพฯ :^bอักษรโสภณ,^c2559
300    ^a611 หน้า
945    ^p0^l0^i003366
999    ^aประนอม เกษจรัล
รายการนี้ยังไม่มีแท็ก
คุณยังไม่ได้ล็อกอิน คุณสามารถมีกิจกรรมร่วมกับเว็บไซต์ได้ แต่ต้องล็อกอินก่อน ::
  ล็อกอิน

รายการสื่อสารสนเทศ

ลำดับที่ ประเภท เลขเรียก/บาร์โค้ด สถานที่ สถานะ
1. วิทยาศาสตร์การแพทย์ และสุขภาพ
วิทยาศาสตร์การแพทย์ และสุขภาพ
นว. ว111ข ฉ.1 
  Barcode: 003366
ห้องสมุดวิทยาเขตนครสวรรค์
►นวนิยาย:l:Fiction
บนชั้น

รายการใกล้เคียง
    ผู้แต่ง [ว.วินิจฉัยกุล]

BibComment


ยังไม่เคยถูกคอมเมนท์

คอมเมนท์ทรัพยากรรายการนี้
  คอมเมนท์: ของขวัญวันวาน ว..


 Copyright 2026. Bcnsprnw @Library